| 000 | 00407nam a22001457a 4500 | ||
|---|---|---|---|
| 999 |
_c15436 _d15436 |
||
| 020 | _a9789383305483 | ||
| 082 |
_a664 . _bSHA/FO |
||
| 100 |
_aSharma,H.K _9983 |
||
| 100 |
_aUpadhyay , ashutosh . _93136 |
||
| 100 |
_aMundada ,manoj . _93137 |
||
| 245 | _aFood Engineering and Technology: A Practice Book / | ||
| 260 |
_aNew delhi : _bNew india publishing agency , _c2015 . |
||
| 300 | _a644 ; . | ||
| 942 | _cBK | ||